000 00634nam a2200205 a 4500
001 10394
003 CO-ViMGA
008 141112s2004 ck r 000 u spa d
040 _aCO-ViMGA
_bspa
_cCO-ViMGA
082 0 4 _a987.0642 P43c
100 1 _aPicon Salas ; Mariano,
_913821
245 1 0 _aComprension de Venezuela
260 _aCaracas :
_bMonte Avila Editores C.A,
_c1976
300 _a238p.
490 _aBiblioteca popular venezolana : marron antologĂ­a y selecciones
650 1 4 _aVENEZUELA - ASPECTOS SOCIALES
_913822
650 1 4 _aVENEZUELA - GEOGRAFIA
_913823
650 1 4 _aVENEZUELA - HISTORIA
_913824
942 _2ddc
_cBK
999 _c21741
_d21741